Declaraciones internacionales tendientes a asegurar la igualdad de derechos politicos de las personas con discapacidades en América
Gardado en:
| Formato: | Texto |
|---|---|
| Materias: | |
| Etiquetas: |
Engadir etiqueta
Sen Etiquetas, Sexa o primeiro en etiquetar este rexistro!
|
MARC
| LEADER | 00000 a a2200000 04500 | ||
|---|---|---|---|
| 001 | 4348 | ||
| 003 | |||
| 040 | |||
| 245 | |a Declaraciones internacionales tendientes a asegurar la igualdad de derechos politicos de las personas con discapacidades en América | ||
| 650 | |a IMPEDIDOS | ||
| 650 | |a ELECCIONES | ||
| 650 | |a IGUALDAD DE OPORTUNIDADES | ||
| 650 | |a DECLARACIONES | ||
| 773 | |g número 47; páginas 21-26 | ||
| 999 | |c 21003 |d 21003 | ||
